مكتبة جامعة عجلون الوطنية

فهرس بحث المكتبة

Normal view MARC view
  • الاقتصاد - فلسفة 

Entry Topical Term

Number of records used in: 1

001 - CONTROL NUMBER

  • control field: 56542

003 - CONTROL NUMBER IDENTIFIER

  • control field: JO-AjAnu

005 - DATE AND TIME OF LATEST TRANSACTION

  • control field: 20230606083251.0

008 - FIXED-LENGTH DATA ELEMENTS

  • fixed length control field: 230606|| aca||aabn | a|a d

040 ## - CATALOGING SOURCE

  • Original cataloging agency: JO-AjAnu
  • Transcribing agency: JO-AjAnu

150 ## - HEADING--TOPICAL TERM

  • Topical term or geographic name entry element: الاقتصاد - فلسفة 

670 ## - SOURCE DATA FOUND

  • Source citation: Work cat.: (JO-AjAnu)28851: شيحة، مصطفى رشيد, author 56541, الاقتصاد العام للرفاهية : النظرية العامة - الميزانية المالي - المشروعات العامة - الاقتصاد الاجتماعب للرفاهية - السياسات الحكومية التدخلية والرقابية ( القانون الاقتصادي العام) ج1: النظرية العغامة لنشاط الدولة المالي